TNA Impact Wrestling Champions by Year - 2015 - Statistics

General Stats
  • This quiz has been taken 79 times
  • The average score is 19 of 25
Answer Stats
Date Event Wrestler % Correct
July 1 Impact Wrestling Ethan Carter III
92%
October 4 Bound for Glory Matt Hardy
92%
April 17 Impact Wrestling Matt Hardy
92%
April 17 Impact Wrestling Jeff Hardy
89%
March 20 Impact Wrestling Kurt Angle
89%
January 7 Impact Wrestling Bobby Lashley
87%
September 2 Impact Wrestling Bobby Roode
87%
September 16 Impact Wrestling Gail Kim
87%
January 16 Impact Wrestling Low Ki
87%
March 6 Impact Wrestling Eddie Edwards
84%
July 1 Impact Wrestling Eddie Edwards
84%
September 9 Impact Wrestling Eddie Edwards
84%
January 7 Impact Wrestling Austin Aries
82%
March 6 Impact Wrestling Davey Richards
82%
July 1 Impact Wrestling Davey Richards
82%
September 9 Impact Wrestling Davey Richards
82%
June 28 Slammiversary Jeff Jarrett
74%
May 1 Impact: Hardcore Justice Kenny King
58%
July 15 Impact Wrestling Brooke
55%
June 24 Impact Wrestling Tigre Uno
55%
March 20 Impact Wrestling Rockstar Spud
53%
May 29 Impact Wrestling Rockstar Spud
53%
August 12 Impact Wrestling PJ Black
50%
September 2 Impact Wrestling Trevor Lee
50%
September 2 Impact Wrestling Brian Myers
45%
No matching quizzes found
Score Distribution
Percent of People with Each Score
Percentile by Number Answered
Your Score History
You have not taken this quiz